000 01396nam2a22002291 4500
001 rc\4528532
005 20250611191651.0
035 _a(NLR Aleph) 008355271
090 _a8963296
_c8963296
100 _a20130416d1961 |||y0rusy50 ca
101 0 _arus
102 _aRU
105 _aa z |||||
200 1 _aЖилые дома и культурно-бытовые здания
210 _aРига
_cЛатгосиздат
_d1961
215 _a239 с.
_cчерт.
461 0 _1001rc\4528530
_12001#$aКаталог паспортов типовых проектов для сельского строительства$e[В 2 т.]$fСост. Гос. проектным ин-том "Латгипросельстрой"$gГос. ком. Совета Министров Латв. ССР по делам строительства и архитектуры. Гл. упр. по строительству в колхозах при Совете Министров Латв. ССР. Т. 1-2$vТ. 2
_98963285
_cРига
_d1961
_fСост. Гос. проектным ин-том "Латгипросельстрой"
_nЛатгосиздат
_o[В 2 т.]
_p2 т.
_tКаталог паспортов типовых проектов для сельского строительства
_vТ. 2
801 0 _aRU
_bNLR
_gpsbo
801 1 _aRU
_bELAR
_2rusmarc
852 _aNLR
_j61-9/135
942 _cBOOK
980 _aNB